Balanzas de pagos, 1980-1994
Sparad:
| Institutionell upphovsman: | |
|---|---|
| Materialtyp: | Bok |
| Språk: | spanska |
| Publicerad: |
Santiago
Cienes
1995
|
| Serie: | Documento de Trabajo del Cienes
|
| Ämnen: | |
| Taggar: |
Lägg till en tagg
Inga taggar, Lägg till första taggen!
|
MARC
| LEADER | 00000nam a2200000 a 4500 | ||
|---|---|---|---|
| 001 | UCZ2068 | ||
| 003 | CL-VaPUC | ||
| 008 | 950925e19950600CL |||||||||||||||||spa|d | ||
| 082 | 0 | 4 | |a 382.17 |b CIE |2 21 |
| 110 | 2 | |a Cienes |e author |9 345861 | |
| 245 | 1 | 0 | |a Balanzas de pagos, 1980-1994 |
| 300 | |a 145 p | ||
| 942 | |c BK | ||
| 945 | |d 19950925 00:00:00 |a awong | ||
| 260 | |a Santiago |b Cienes |c 1995 | ||
| 600 | 0 | 7 | |a CARICOM |2 CL-VaPUC |9 345862 |
| 600 | 0 | 7 | |a NAFTA |2 CL-VaPUC |9 345863 |
| 600 | 0 | 7 | |a MERCOSUR |2 CL-VaPUC |9 330918 |
| 600 | 0 | 7 | |a GRUPO ANDINO |2 CL-VaPUC |9 345864 |
| 650 | 0 | |a Balanza de pagos |9 316476 | |
| 651 | 0 | |a América del Sur |9 260128 | |
| 651 | 0 | |a América Central |9 255026 | |
| 651 | 7 | |a AMERICA DEL NORTE |2 CL-VaPUC |9 311278 | |
| 651 | 0 | |a El Caribe |9 341255 | |
| 651 | 0 | |a América Latina |9 255027 | |
| 583 | |a last modification |c 20120904 09:47:11 |k Rodrigo Vera | ||
| 490 | 0 | |a Documento de Trabajo del Cienes | |
| 999 | |c 238720 |d 238718 | ||
| 952 | |0 0 |1 0 |4 0 |6 382_170000000000000_CIE_1995 |7 0 |8 A |9 249140 |a BIBGIM |b BIBGIM |d 2019-11-18 |i 313234K |o 382.17 CIE 1995 |p 313234K |r 2025-01-15 |w 2019-11-18 |y BK |k COM | ||